Normal view
MARC view
- Wasson, James W
Entry Personal Name
001 - CONTROL NUMBER
- control field: 118661
003 - CONTROL NUMBER IDENTIFIER
- control field: NUST
005 - DATE AND TIME OF LATEST TRANSACTION
- control field: 20231127152423.0
008 - FIXED-LENGTH DATA ELEMENTS
- fixed length control field: 231127|| aca||aabn | a|a d
040 ## - CATALOGING SOURCE
- Original cataloging agency: NUST
- Transcribing agency: NUST
100 ## - HEADING--PERSONAL NAME
- Personal name: Wasson, James W
670 ## - SOURCE DATA FOUND
- Source citation: Work cat.: (NUST): Wasson, James W. , Electronics Fundamentals :, 2015.
